| 000 | 26410nas1a22024371i 4500 | ||
|---|---|---|---|
| 001 | RU\NLR\INFOCOMM5\1000382908 | ||
| 005 | 20260407123652.0 | ||
| 035 | _a(NLR Aleph) 002571437 | ||
| 090 |
_a3193168 _c3193168 |
||
| 100 | _a20040618b18771917|||y0rusy50 ca | ||
| 101 | 0 | _arus | |
| 102 | _aRU | ||
| 110 | _azyu||||0|y0 | ||
| 200 | 1 |
_a[Издания] _fОЛДП. [О-во любителей древней письменности] |
|
| 207 | 1 | _a1-136 | |
| 210 |
_aСПб. _d1877-1917 |
||
| 300 | _a45, 73 не издавались | ||
| 320 | _aИздания имп. Общества любителей древней письменности. [Вып.1-88 за 1877-1887г.] (В изд.: Памятники древней письменности и искусства. 1888, Вып.76 с.3-20) Ш.: 18.345.1.1 | ||
| 320 | _a[Содержание Вып.1-112 за 1877-1897г.] (В изд.: Памятники древней письменности и искусства. 1899, вып.129, с.1-4 3-й паг.) Ш.: 18.345.1.1 | ||
| 320 | _a[Содержание Вып.1-120 за 1877-1902г.] (В кн.: Издания ... Общества любителей древней письменности [Каталог. СПб, 1903] с.1-4) Ш.: 34.53.4.141 | ||
| 320 | _a[Содержание Вып.1-136 за 1877-1917г.] (В изд.: "Международная книга", всесоюзное объединение Ленинградское обл. отд-ние Антикварный магазин. Бюллетень [Л.], 1933, №11 с.1-7) Ш.: 33-19/230-11 | ||
| 710 | 0 | 2 |
_4070 _aОбщество любителей древней письменности _cПетербург _3RU\NLR\AUTH\889963396 _9423073 |
| 801 | 1 |
_aRU _bInfoComm _c20040618 |
|
| 801 | 0 |
_aRU _bNLR _gPSBO |
|
| 852 |
_aNLR _j18.55.2.1 |
||
| 852 |
_aNLR _j134/529 |
||
| 852 |
_aNLR _j102/87 |
||
| 852 |
_aNLR _jIБб7048 |
||
| 852 |
_aNLR _j132/529 |
||
| 852 |
_aNLR _j134/153 |
||
| 852 |
_aNLR _j130/2950 |
||
| 852 |
_aNLR _j129/3852 |
||
| 852 |
_aNLR _j129/3852-1-48 |
||
| 852 |
_aNLR _j127/2695 |
||
| 852 |
_aNLR _j134/523 |
||
| 852 |
_aNLR _j134/1085 |
||
| 852 |
_aNLR _j127/2694/2 |
||
| 852 |
_aNLR _j136/464 |
||
| 852 |
_aNLR _j127/3079 |
||
| 852 |
_aNLR _j18.55.1.1 |
||
| 852 |
_aNLR _j136/209 |
||
| 852 |
_aNLR _j52/404 |
||
| 852 |
_aNLR _j136/300 |
||
| 852 |
_aNLR _j132/3234 |
||
| 852 |
_aNLR _j20.65.3.9 |
||
| 852 |
_aNLR _j127/3421 |
||
| 852 |
_aNLR _j136/87 |
||
| 852 |
_aNLR _j136/437 |
||
| 852 |
_aNLR _j136/437-120 |
||
| 852 |
_aNLR _j103/576 |
||
| 852 |
_aNLR _j52/444 |
||
| 852 |
_aNLR _j127/3420 |
||
| 852 |
_aNLR _j132/3349 |
||
| 852 |
_aNLR _j18.56.1.1 |
||
| 852 |
_aNLR _bБп _j4000.030/Н-641 |
||
| 852 |
_aNLR _j127/3382 |
||
| 942 | _cSE | ||
| 980 | _aRUSPER | ||